Quess the My Little Pony villain - Statistics

General Stats
  • This quiz has been taken 169 times
  • The average score is 10 of 15
Answer Stats
Picture Answer % Correct
Discord
99%
Nightmare Moon
94%
Sunset Shimmer
90%
Starlight Glimmer
88%
King Sombra
82%
Queen Chrysalis
82%
Cozy Glow
73%
Tirek
73%
Daybreaker
68%
Storm King
57%
Grogar
55%
Adagio Dazzle
39%
Aria Blaze
39%
Pony of Shadows
39%
Sonata Dusk
39%
No matching quizzes found
Score Distribution
Percent of People with Each Score
Percentile by Number Answered
Your Score History
You have not taken this quiz